Statistics for UEFA Euro Top 4 Positions

Click here to take the quiz!

General Stats

  • This quiz has been taken 66 times
  • The average score is 57 of 60

Answer Stats

HintAnswer% Correct
France
100%
1984France
100%
France
100%
France
100%
2000France
100%
Germany
100%
Germany
100%
Germany
100%
Germany
100%
1996Germany
100%
Netherlands
100%
Netherlands
100%
Netherlands
100%
Netherlands
100%
1988Netherlands
100%
Portugal
100%
Portugal
100%
2016Portugal
100%
Portugal
100%
Portugal
100%
1964Spain
100%
2012Spain
100%
2008Spain
100%
Spain
100%
Sweden
100%
West Germany
100%
1972West Germany
100%
West Germany
100%
1980West Germany
100%
Italy
98%
1968Italy
98%
Italy
98%
Italy
98%
Italy
98%
Denmark
97%
1992Denmark
97%
Denmark
97%
England
97%
England
97%
2004Greece
97%
Belgium
94%
Belgium
94%
Hungary
94%
Hungary
94%
Wales
92%
Russia
91%
Soviet Union
91%
Soviet Union
91%
Soviet Union
91%
Soviet Union
91%
1960Soviet Union
91%
Turkey
89%
Czech Republic
88%
Czech Republic
88%
Yugoslavia
86%
Yugoslavia
86%
Yugoslavia
86%
Czechoslovakia
80%
Czechoslovakia
80%
1976Czechoslovakia
80%

Score Distribution

Percentile by Number Answered

Percent of People with Each Score

Your Score History

You have not taken this quiz